Electromobility as a Part of Communally Beneficial Innovations in Transport and Its Perception by Slovak Consumers
Elektromobilita ako jeden z kľúčových inovačných trendov vo vyspelých krajinách a ako kľúčová inovácia v doprave v zmysle alternatívnej energie pre spôsob dopravy. Implementácia elektromobility do stratégií a politík jednotlivých krajín. Pripravenosť Slovenskej republiky na masívne rozšírenie elektr...
Saved in:
| Main Author: | |
|---|---|
| Other Authors: | , , , |
| Format: | Book Chapter |
| Language: | English |
| Subjects: | |
| Tags: |
No Tags, Be the first to tag this record!
|
MARC
| LEADER | 00000naa a2200000 4500 | ||
|---|---|---|---|
| 001 | 0280801 | ||
| 005 | 20250414111247.2 | ||
| 041 | 0 | |a eng | |
| 044 | |a LT | ||
| 245 | 1 | 0 | |a Electromobility as a Part of Communally Beneficial Innovations in Transport and Its Perception by Slovak Consumers |c Ferdinand Daňo, Samer Khouri, Peter Drábik, Dominika Vernerová, Marek Kukura |
| 520 | |a Elektromobilita ako jeden z kľúčových inovačných trendov vo vyspelých krajinách a ako kľúčová inovácia v doprave v zmysle alternatívnej energie pre spôsob dopravy. Implementácia elektromobility do stratégií a politík jednotlivých krajín. Pripravenosť Slovenskej republiky na masívne rozšírenie elektromobility. Rastúce množstvo elektrických vozidiel zaradených do cestnej premávky a ich pozitívny vplyv na zvyšovanie kvality životného prostredia. Najväčšia brzda masívnejšieho rozšírenia elektromobility v osobnej doprave v SR podľa výsledkov prieskumu - vysoká cena elektromobilov, nedostatočne rozvinutá sieť nabíjacích staníc, krátky dojazd elektrických vozidiel na jedno nabitie. | ||
| 610 | 2 | 0 | |a inovácia |
| 610 | 2 | 0 | |a elektromobilita |
| 610 | 2 | 0 | |a doprava |
| 610 | 2 | 0 | |a elektromobily |
| 610 | 2 | 0 | |a environmentalistika |
| 610 | 2 | 0 | |a prostredie životné |
| 610 | 2 | 0 | |a spotreba udržateľná |
| 610 | 2 | 0 | |a Slovensko |
| 100 | 1 | |a Daňo, Ferdinand, 1959- | |
| 700 | 1 | |a Khouri, Samer | |
| 700 | 1 | |a Drábik, Peter, 1981- | |
| 700 | 1 | |a Vernerová, Dominika, 1994- | |
| 700 | 1 | |a Kukura, Marek, 1995- | |